[Event "2001/2002 Women World Che"]
[Site "Moscow"]
[Date "2001.12.02"]
[Round "03"]
[White "Peng, Zhaoqin (IM)"]
[Black "Dworakowska, Joanna"]
[Result "1-0"]
[WhiteElo "2401"]
[WhiteCountry "NED"]
[BlackElo "2350"]
[BlackCountry "POL"]
[PresId "0002030307"]

1. d4 f5 2. Nf3 Nf6 3. g3 g6 4. Bg2 Bg7 5. c4 O-O 6. b4 d6 7. Bb2 Kh8
8. O-O c6 9. Nbd2 Be6 10. Qc2 Bg8 11. a4 Nbd7 12. a5 a6 13. Rac1 Qe8
14. Rfe1 d5 15. Ne5 dxc4 16. Ndxc4 Rd8 17. Rb1 Nd5 18. Ba1 N7f6 19. e3
h6 20. f3 Bh7 21. e4 fxe4 22. fxe4 g5 23. Qe2 Nc7 24. Rbd1 e6 25. Nd3
Nb5 26. Nc5 Qe7 27. Bh3 Bg8 28. Ne5 Kh7 29. Qc4 Nd6 30. Qc2 Qe8 31.
Qa2 g4 32. Nxg4 Nxg4 33. Bxg4 e5 34. Qc2 Qe7 35. dxe5 Bxe5 36. Bxe5
Qxe5 37. Nd7 Rxd7 38. Bxd7 Nf7 39. Bf5+ Kh8 40. Rd7 Ng5 41. Rf1 h5 42.
Qe2 Qe8 43. Qb2+ 1-0

[Event "2001/2002 Women World Che"]
[Site "Moscow"]
[Date "2001.12.02"]
[Round "03"]
[White "Baginskaite, Camilla"]
[Black "Xu, Yuhua"]
[Result "0-1"]
[WhiteElo "2324"]
[WhiteCountry "USA"]
[BlackElo "2502"]
[BlackCountry "CHN"]
[PresId "0002030405"]

1. Nf3 Nf6 2. c4 c5 3. Nc3 Nc6 4. d4 cxd4 5. Nxd4 g6 6. e4 d6 7. Be2
Bg7 8. Be3 O-O 9. O-O Bd7 10. f3 a5 11. Qd2 Nxd4 12. Bxd4 Bc6 13. b3
Nd7 14. Be3 Nc5 15. Rac1 Qb6 16. Rfd1 Rfd8 17. Nd5 Bxd5 18. cxd5 Rdc8
19. Rc2 Qb4 20. Qc1 Rd8 21. Rc4 Qb6 22. Qd2 Qc7 23. Rc2 Qd7 24. Rdc1
Rdc8 25. Kf1 b5 26. Bxc5 dxc5 27. Rxc5 Rxc5 28. Rxc5 Qd6 29. Rxb5 Qxh2
30. Rxa5 Rxa5 31. Qxa5 Bd4 32. Qd8+ Kg7 33. Ke1 Qg1+ 34. Bf1 Qf2+ 0-1

[Event "2001/2002 Women World Che"]
[Site "Moscow"]
[Date "2001.12.02"]
[Round "03"]
[White "Dworakowska, Joanna"]
[Black "Peng, Zhaoqin (IM)"]
[Result "1/2-1/2"]
[WhiteElo "2350"]
[WhiteCountry "POL"]
[BlackElo "2401"]
[BlackCountry "NED"]
[PresId "0002030407"]

1. e4 e6 2. d4 d5 3. Nc3 Nf6 4. Bg5 dxe4 5. Nxe4 Nbd7 6. Nxf6+ Nxf6 7.
Nf3 c5 8. Ne5 Qb6 9. Bd3 h6 10. Nc4 Qc7 11. Bh4 cxd4 12. O-O Be7 13.
Re1 a6 14. Qf3 O-O 15. Ne5 Nd5 16. Bg3 Qb6 17. Nc4 Qd8 18. Be5 b5 19.
Nd2 Bb7 20. Bxd4 Qc7 21. Be5 Bd6 22. Bxd6 Qxd6 23. Qe4 g6 24. g3 Qb4
25. Qe2 Qxb2 26. Ne4 Rad8 27. a4 b4 28. Nc5 Bc8 29. a5 Qd4 30. Nxa6
Nc3 31. Qf1 Bb7 32. h4 Qd5 33. Kh2 Bxa6 34. Bxa6 Ra8 35. Bc4 Qc5 36.
a6 Rfc8 37. Bd3 Kg7 38. Qg2 Ra7 39. Qf3 Nd5 40. h5 g5 41. Kg1 Nf6 42.
Ra4 Rd8 43. Rea1 Qd4 44. Qe2 Nd5 45. Ra5 Rd6 46. Qe1 Nc3 47. Qe5+ Qxe5
48. Rxe5 b3 49. cxb3 Rxd3 50. b4 Rd5 51. Ra5 Nb5 52. Rxb5 Rxa6 53.
Rbxd5 exd5 54. Rxd5 Ra4 55. Kg2 Kf6 56. Rd6+ Kg7 57. Kf3 f5 58. Rg6+
Kh7 59. Rf6 Ra5 60. Rf7+ Kg8 61. Rd7 Ra3+ 62. Kg2 Rd3 63. Kf1 f4 64.
Ke2 fxg3 65. fxg3 Rxg3 66. Rd4 Rh3 67. Rd7 Rxh5 68. Kf3 Rh4 69. Kg3
Kf8 1/2-1/2